000 01157nam a2200253Ia 4500
999 _c55847
_d55847
001 22944
003 GE_BSU
005 20230607101147.0
008 181216s ||||ge |||||||||||||| ||geo||
040 _cGE_BSU
041 _ageo
080 _a821.353.1.092 კ-22
100 _aკანკავა, გურამ
_918518
245 _aლიტერატურული წერილები /
_cგურამ კანკავა ; რედ. მ.სანადირაძე ; მხატვ. ა. თევზაძე.
264 _aთბილისი :
_bმერანი,
_c1985.
300 _a297გვ. ;
_c20 სმ.
541 _h2ლ.40
653 _aლიტერატურის ისტორია და კრიტიკა -- ქართული ლიტერატურა
653 _aლიტერატურული წერილები
653 _aქართული ლიტერატურა
700 _aსანადირაძე, მ.
_eრედაქტორი
_94750
700 _aთევზაძე, ა.
_eმხატვარი
_918519
942 _cBK
_2udc